[Event "DEM U8 2023"]
[Site "Willingen GER"]
[Date "2023.06.02"]
[Round "6"]
[White "Schimming, Wilhelm"]
[Black "Frerich, Theo"]
[Result "1-0"]
[Termination "normal"]
[Board "17"]
[WhiteElo "983"]
[BlackElo "1073"]
[PlyCount "85"]
[WhiteFideId "34662030"]
[EventCountry "GER"]
[EventRounds "7"]
[EventType "swiss"]
[EventDate "2023.05.30"]

1. e4 e5 2. Nf3 Nc6 3. Bc4 Bc5 4. c3 d6 5. d4 Bb6 6. Ng5 Nh6 7. d5 Ne7 8. O-O
O-O 9. Nd2 Bg4 10. Qc2 Ng6 11. Ndf3 Bxf3 12. Nxf3 Ng4 13. h3 Nf6 14. Be3 Bxe3
15. fxe3 Qd7 16. Qf2 c5 17. Nd2 b5 18. Bd3 c4 19. Bc2 Rab8 20. Rad1 b4 21. Nxc4
bxc3 22. bxc3 Rbc8 23. Qe2 Qc7 24. Nb2 Qxc3 25. Bb1 Rb8 26. Rd2 Qb4 27. Rf3
Nxe4 28. Bxe4 Qxe4 29. Rg3 Qb1+ 30. Kh2 Qxa2 31. Nd1 Qa5 32. Nb2 Rb5 33. Qd3
Rfb8 34. Nc4 Qc7 35. Rc2 Rc5 36. Rb2 Rxb2 37. Nxb2 Rc3 38. Qb5 Rc2 39. h4 h6
40. h5 Ne7 41. Qe8+ Kh7 42. Qxf7 Rf2 43. Qxg7# 1-0

[Event "DEM U8 2023"]
[Site "Willingen GER"]
[Date "2023.06.02"]
[Round "6"]
[White "Sander, Tino"]
[Black "Mudriievskyi, Jan"]
[Result "1-0"]
[Termination "normal"]
[Board "18"]
[WhiteElo "923"]
[BlackElo "1062"]
[PlyCount "77"]
[WhiteFideId "34636110"]
[BlackFideId "34676473"]
[EventCountry "GER"]
[EventRounds "7"]
[EventType "swiss"]
[EventDate "2023.05.30"]

1. e4 e5 2. Nf3 Nc6 3. Bc4 Bc5 4. c3 Nf6 5. d4 exd4 6. e5 Ng8 7. cxd4 Bb6 8.
Be3 Nge7 9. d5 Nb8 10. Nc3 O-O 11. Bxb6 axb6 12. O-O c6 13. d6 Ng6 14. Qc2 Re8
15. Rfe1 Na6 16. Rad1 b5 17. Bd3 Nb4 18. Qb3 Nxd3 19. Rxd3 b6 20. Rd4 h6 21.
Rg4 Ba6 22. Rxg6 Rc8 23. Rg3 Kh7 24. Re4 Rf8 25. Qc2 g6 26. Reg4 Rg8 27. Ne4
Rg7 28. Nf6+ Kh8 29. Nh5 Rg8 30. Nf6 Rg7 31. h4 c5 32. h5 g5 33. Nxg5 Qf8 34.
Nge4 Bb7 35. Rxg7 Bxe4 36. Qxe4 Qxg7 37. Rxg7 Kxg7 38. Qh7+ Kf8 39. Qg8# 1-0

[Event "DEM U8 2023"]
[Site "Willingen GER"]
[Date "2023.06.02"]
[Round "6"]
[White "Saeidi, Fardin Jahan"]
[Black "Filis, Leon"]
[Result "1/2-1/2"]
[Termination "normal"]
[Board "19"]
[WhiteElo "1037"]
[BlackElo "1046"]
[PlyCount "60"]
[WhiteFideId "34658360"]
[BlackFideId "34611436"]
[EventCountry "GER"]
[EventRounds "7"]
[EventType "swiss"]
[EventDate "2023.05.30"]

1. e4 d5 2. exd5 Nf6 3. Bb5+ Bd7 4. Bc4 c6 5. dxc6 Nxc6 6. Nc3 e6 7. d4 Bb4 8.
Nge2 O-O 9. a3 Bd6 10. O-O Qc7 11. Ng3 Rfd8 12. Bg5 Be7 13. Qd2 h6 14. Bf4 Bd6
15. Nb5 Bxf4 16. Nxc7 Bxd2 17. Nxa8 Rxa8 18. Rad1 Bf4 19. d5 Na5 20. Ba2 Bb5
21. Rfe1 exd5 22. Bxd5 Nxd5 23. Rxd5 a6 24. a4 Bc6 25. Rxa5 Bd2 26. Rae5 Bxe1
27. Rxe1 Bxa4 28. b3 Re8 29. Rd1 Bc6 30. f3 Kf8 1/2-1/2

[Event "DEM U8 2023"]
[Site "Willingen GER"]
[Date "2023.06.02"]
[Round "6"]
[White "Zentgraf, Raphael"]
[Black "Hornych, Fridtjof"]
[Result "0-1"]
[Termination "normal"]
[Board "21"]
[WhiteElo "783"]
[BlackElo "963"]
[PlyCount "78"]
[WhiteFideId "34684166"]
[EventCountry "GER"]
[EventRounds "7"]
[EventType "swiss"]
[EventDate "2023.05.30"]

1. e4 c5 2. Nc3 e6 3. Nge2 Nf6 4. g3 Nc6 5. Bg2 Bd6 6. O-O O-O 7. d3 a6 8. f4
Be7 9. g4 Nxg4 10. h3 Nf6 11. e5 Nd5 12. Nxd5 exd5 13. Bxd5 Qc7 14. Ng3 d6 15.
Nf5 Bxf5 16. Bxc6 Qxc6 17. exd6 Bxd6 18. Qh5 Qc8 19. Kh1 Bxh3 20. Rg1 Bf5 21.
Qh6 Qc6+ 22. Kh2 g6 23. Bd2 Rab8 24. Bc3 f6 25. Qh5 Bxf4+ 26. Rg3 Bxg3+ 27.
Kxg3 Qc7+ 28. Kf2 gxh5 29. Rg1+ Bg6 30. d4 cxd4 31. Bb4 Qxc2+ 32. Kf1 Qc4+ 33.
Kf2 Qxb4 34. Rb1 Bxb1 35. a3 Qxb2+ 36. Kf3 Qxa3+ 37. Ke2 Rbc8 38. Kd1 Rc2 39.
Ke1 Qc1# 0-1

[Event "DEM U8 2023"]
[Site "Willingen GER"]
[Date "2023.06.02"]
[Round "6"]
[White "Dold, Emil"]
[Black "Schubert, Ben"]
[Result "1-0"]
[Termination "normal"]
[Board "23"]
[WhiteElo "1113"]
[BlackElo "1049"]
[PlyCount "53"]
[BlackFideId "34692266"]
[EventCountry "GER"]
[EventRounds "7"]
[EventType "swiss"]
[EventDate "2023.05.30"]

1. e4 e5 2. Nf3 Nc6 3. Bc4 Bc5 4. c3 Nf6 5. d4 exd4 6. O-O Nxe4 7. cxd4 d5 8.
dxc5 dxc4 9. Qxd8+ Nxd8 10. Re1 Bf5 11. Nc3 O-O 12. Nxe4 Re8 13. Nf6+ gxf6 14.
Rxe8+ Kg7 15. Nd4 Bd7 16. Re7 Bc6 17. Nf5+ Kf8 18. Bh6+ Kg8 19. Rae1 Ne6 20.
Re3 Rd8 21. h3 Rd1+ 22. Kh2 Rd2 23. Rg3+ Kh8 24. Bxd2 b6 25. Nh6 Ng7 26. Rxf7
Bxg2 27. Rf8# 1-0

[Event "DEM U8 2023"]
[Site "Willingen GER"]
[Date "2023.06.03"]
[Round "7"]
[White "Müller, Konstantin"]
[Black "Stopp, Bruno"]
[Result "1-0"]
[Termination "normal"]
[Board "1"]
[WhiteElo "1568"]
[BlackElo "1170"]
[PlyCount "101"]
[WhiteFideId "34661778"]
[BlackFideId "34640347"]
[EventCountry "GER"]
[EventRounds "7"]
[EventType "swiss"]
[EventDate "2023.05.30"]

1. e4 e5 2. Nc3 Nf6 3. f4 Nc6 4. fxe5 Nxe5 5. d4 Nc6 6. e5 Nd5 7. Nf3 Bb4 8.
Qd3 f6 9. Bd2 fxe5 10. Nxd5 Bxd2+ 11. Qxd2 O-O 12. Bc4 Kh8 13. O-O d6 14. dxe5
dxe5 15. Ng5 Bf5 16. Rad1 h6 17. Nf3 Bh7 18. Nc3 e4 19. Nd4 Nxd4 20. Qxd4 Rxf1+
21. Kxf1 Qxd4 22. Rxd4 Rf8+ 23. Ke2 g5 24. Rd7 Rc8 25. Re7 b6 26. Be6 Rd8 27.
Rxc7 a5 28. Rc8 Rxc8 29. Bxc8 Kg7 30. Bb7 e3 31. Be4 Bg8 32. Kxe3 Kf6 33. Nd5+
Bxd5 34. Bxd5 Ke5 35. Be4 Kf6 36. c3 Ke5 37. b4 a4 38. c4 Kd6 39. Kd4 h5 40.
c5+ bxc5+ 41. bxc5+ Kc7 42. Ke5 g4 43. c6 a3 44. g3 Kc8 45. Kd6 Kd8 46. Bf5 Ke8
47. c7 Kf7 48. c8=Q Kg7 49. Ke7 Kh6 50. Qg8 h4 51. Qg6# 1-0

[Event "DEM U8 2023"]
[Site "Willingen GER"]
[Date "2023.06.03"]
[Round "7"]
[White "Schmidt, Alexander Nadvid"]
[Black "Grimm, Jakob"]
[Result "0-1"]
[Termination "normal"]
[Board "2"]
[WhiteElo "1256"]
[BlackElo "1272"]
[PlyCount "46"]
[WhiteFideId "34661360"]
[BlackFideId "34635645"]
[EventCountry "GER"]
[EventRounds "7"]
[EventType "swiss"]
[EventDate "2023.05.30"]

1. d4 d5 2. e3 c5 3. c4 e6 4. Nf3 Nf6 5. Nc3 Nc6 6. Be2 dxc4 7. Bxc4 cxd4 8.
exd4 Nd5 9. Bxd5 exd5 10. O-O Be7 11. Bf4 O-O 12. Qb3 Be6 13. Qxb7 Na5 14. Qa6
Nc4 15. Nb5 Bf5 16. Nc7 Rc8 17. b3 Nd6 18. Nxd5 Ne4 19. Nxe7+ Qxe7 20. Rfe1 Rc2
21. Nh4 Qxh4 22. g3 Qh3 23. Be3 Nf6 0-1

[Event "DEM U8 2023"]
[Site "Willingen GER"]
[Date "2023.06.03"]
[Round "7"]
[White "Alloussi, Arian"]
[Black "Thirumal, Shravan"]
[Result "1-0"]
[Termination "normal"]
[Board "4"]
[WhiteElo "1174"]
[BlackElo "1118"]
[PlyCount "99"]
[WhiteFideId "34637788"]
[BlackFideId "34625356"]
[EventCountry "GER"]
[EventRounds "7"]
[EventType "swiss"]
[EventDate "2023.05.30"]

1. e4 d6 2. d4 g6 3. f4 Bg7 4. Nf3 Nf6 5. Nc3 O-O 6. e5 dxe5 7. fxe5 Ne8 8. d5
e6 9. Bg5 Qd7 10. Bc4 exd5 11. Bxd5 c6 12. Bb3 Qf5 13. Be7 Bxe5 14. Bxf8 Bxc3+
15. bxc3 Qe4+ 16. Qe2 Qxe2+ 17. Kxe2 Kxf8 18. Ng5 f6 19. Ne6+ Bxe6 20. Bxe6 Ng7
21. Bc8 Na6 22. Bxb7 Re8+ 23. Kf3 Nb8 24. Rhe1 Ne6 25. h4 c5 26. Bd5 Kf7 27.
Re2 Nd7 28. Bxe6+ Rxe6 29. Rxe6 Kxe6 30. Rb1 Ne5+ 31. Kf4 h6 32. g4 g5+ 33. Kg3
f5 34. gxf5+ Kxf5 35. hxg5 hxg5 36. Rb7 a6 37. Ra7 Nc4 38. Rxa6 Ne3 39. Ra5
Nxc2 40. Rxc5+ Ke4 41. Rxg5 Kd3 42. Rc5 Na3 43. Kf4 Nb1 44. a4 Nxc3 45. Rxc3+
Kxc3 46. a5 Kd4 47. a6 Kc5 48. a7 Kd4 49. a8=Q Kc5 50. Qd8 1-0

[Event "DEM U8 2023"]
[Site "Willingen GER"]
[Date "2023.06.03"]
[Round "7"]
[White "Stojanoski, Stefan"]
[Black "Besou, Jad"]
[Result "0-1"]
[Termination "normal"]
[Board "5"]
[WhiteElo "1133"]
[BlackElo "1235"]
[PlyCount "110"]
[WhiteFideId "34632948"]
[BlackFideId "34631348"]
[EventCountry "GER"]
[EventRounds "7"]
[EventType "swiss"]
[EventDate "2023.05.30"]

1. e4 e5 2. Nf3 Nc6 3. Bc4 Bc5 4. d3 Nf6 5. c3 O-O 6. O-O h6 7. h3 b6 8. Re1
Re8 9. Nbd2 Bf8 10. Nf1 a6 11. a3 b5 12. Ba2 a5 13. Bd2 Ba6 14. Qc2 d5 15. exd5
Nxd5 16. Qb3 Nce7 17. Nxe5 a4 18. Qc2 c5 19. b3 Rc8 20. bxa4 b4 21. Bb1 Nc6 22.
d4 Nf6 23. Nxc6 Rxc6 24. Rxe8 Qxe8 25. d5 Rc8 26. Ne3 g6 27. c4 Bg7 28. Ra2 Rb8
29. axb4 cxb4 30. Qb3 Nd7 31. Be1 Nc5 32. Qd1 b3 33. Re2 Qxa4 34. d6 Qc6 35.
Ba5 Bf8 36. Bc7 Re8 37. Nd5 Rxe2 38. Qxe2 Qxd5 39. cxd5 Bxe2 40. Kh2 Bb5 41. g4
Na6 42. Ba5 Bxd6+ 43. Kg1 Bc4 44. Be4 b2 45. Bb1 Bxd5 46. Kf1 Nc5 47. Bb4 Bc4+
48. Kg2 Bd3 49. Bxd3 Nxd3 50. Bxd6 b1=Q 51. h4 Qb7+ 52. Kf1 Qf3 53. Kg1 Qxf2+
54. Kh1 Ne1 55. h5 Qg2# 0-1

[Event "DEM U8 2023"]
[Site "Willingen GER"]
[Date "2023.06.03"]
[Round "7"]
[White "Pragatheswarakumar, Krish Keerthan"]
[Black "Reese, Oscar"]
[Result "0-1"]
[Termination "normal"]
[Board "6"]
[WhiteElo "1152"]
[BlackElo "1132"]
[PlyCount "98"]
[WhiteFideId "34679359"]
[BlackFideId "34644474"]
[EventCountry "GER"]
[EventRounds "7"]
[EventType "swiss"]
[EventDate "2023.05.30"]

1. d4 d5 2. c4 e5 3. dxe5 d4 4. Nf3 Nc6 5. e3 Bb4+ 6. Bd2 dxe3 7. fxe3 Bxd2+ 8.
Qxd2 Bg4 9. Be2 Qxd2+ 10. Nbxd2 Nge7 11. O-O O-O-O 12. Rfd1 Ng6 13. a3 Ngxe5
14. h3 Bh5 15. Nxe5 Bxe2 16. Nxc6 bxc6 17. Kf2 Bxd1 18. Rxd1 Rhe8 19. Ke2 f5
20. g3 g5 21. Rf1 Rf8 22. Rf3 Rde8 23. Kd3 c5 24. Nb3 Re5 25. Nd2 h5 26. e4
fxe4+ 27. Nxe4 Rxf3+ 28. Ke2 Rxe4+ 29. Kxf3 Rxc4 30. Ke3 Rc2 31. b4 Rc3+ 32.
Ke4 cxb4 33. axb4 Rc4+ 34. Kf5 h4 35. g4 Rxb4 36. Kxg5 a5 37. Kxh4 a4 38. Kh5
a3 39. g5 a2 40. g6 a1=Q 41. Kh6 Rb5 42. g7 Rh5+ 43. Kg6 Rg5+ 44. Kxg5 Qxg7+
45. Kh4 Kd7 46. Kh5 Ke6 47. h4 Qg8 48. Kh6 Kf6 49. Kh5 Qg6# 0-1

[Event "DEM U8 2023"]
[Site "Willingen GER"]
[Date "2023.06.03"]
[Round "7"]
[White "Wolf, Adam"]
[Black "Ranganathan, Aadith"]
[Result "1-0"]
[Termination "normal"]
[Board "7"]
[WhiteElo "1256"]
[BlackElo "1002"]
[PlyCount "153"]
[WhiteFideId "34623426"]
[BlackFideId "34667121"]
[EventCountry "GER"]
[EventRounds "7"]
[EventType "swiss"]
[EventDate "2023.05.30"]

1. e4 e5 2. Nf3 Nc6 3. d4 exd4 4. Nxd4 Bc5 5. Nxc6 bxc6 6. Nc3 Ne7 7. Bc4 O-O
8. O-O Bb7 9. Bg5 Kh8 10. Qd2 f6 11. Bf4 d5 12. exd5 cxd5 13. Bb3 Qd7 14. Rad1
Qg4 15. Bg3 d4 16. Na4 Bb6 17. Nxb6 cxb6 18. Qxd4 Qc8 19. Qd7 Nc6 20. Qxc8
Raxc8 21. Rd7 Ba6 22. Rfd1 Rfe8 23. h3 h6 24. c3 Re2 25. Rb1 Rce8 26. Rdd1 Na5
27. Bf7 R8e7 28. Bg6 Nc6 29. Rd6 R7e6 30. Rxe6 Rxe6 31. Rd1 b5 32. Rd7 Re7 33.
Bf5 g6 34. Rxe7 Nxe7 35. Bd3 g5 36. a4 Bb7 37. Bxb5 a6 38. Bc4 f5 39. Be5+ Kh7
40. Bd6 Nc6 41. Bd5 Kg7 42. Bc7 Kf8 43. b4 Ke8 44. c4 Kd7 45. Bb6 Kc8 46. b5
axb5 47. axb5 Ne7 48. Bxb7+ Kxb7 49. Bd4 h5 50. Bf6 Ng8 51. Bxg5 Kb6 52. Be3+
Kc7 53. c5 Ne7 54. Bf4+ Kc8 55. Bd6 Nd5 56. b6 Kb7 57. f3 Nxb6 58. cxb6 Kxb6
59. Kf2 Kc6 60. Ba3 Kd5 61. Kg3 Ke5 62. Bb2+ Ke6 63. Kf4 h4 64. Kg5 Kf7 65.
Kxf5 Kg8 66. Kg4 Kh7 67. Kxh4 Kh6 68. g4 Kh7 69. f4 Kg6 70. f5+ Kf7 71. Kg3 Ke8
72. h4 Kf7 73. g5 Kg8 74. h5 Kh7 75. f6 Kg8 76. g6 Kh8 77. f7# 1-0

[Event "DEM U8 2023"]
[Site "Willingen GER"]
[Date "2023.06.03"]
[Round "7"]
[White "Fendel, Arsenij"]
[Black "Belov, Artemii"]
[Result "0-1"]
[Termination "normal"]
[Board "8"]
[WhiteElo "740"]
[BlackElo "1229"]
[PlyCount "101"]
[BlackFideId "34665234"]
[EventCountry "GER"]
[EventRounds "7"]
[EventType "swiss"]
[EventDate "2023.05.30"]

1. e4 e5 2. Nf3 Nc6 3. Bc4 Bc5 4. c3 Qe7 5. d4 Bb6 6. Bg5 Nf6 7. Nbd2 d6 8. O-O
Bg4 9. h3 Bxf3 10. Nxf3 h6 11. Bxf6 Qxf6 12. Qd3 exd4 13. cxd4 Nxd4 14. Nxd4
Bxd4 15. Rab1 Bxb2 16. Qb3 Bd4 17. Qxb7 Qd8 18. Bb5+ Kf8 19. Bc6 Rc8 20. Rb3
Kg8 21. Rfb1 Bb6 22. Qa6 Kh7 23. Qd3 Rf8 24. e5+ Kg8 25. exd6 cxd6 26. Be4 Re8
27. Bh7+ Kh8 28. Bf5 Rc7 29. Rd1 Qh4 30. Qxd6 Qxf2+ 31. Kh1 Qxf5 32. Rxb6 Rce7
33. Rbb1 Qg5 34. Qd5 Qg6 35. Qd6 Re6 36. Qd3 Qf6 37. Qf1 Qxf1+ 38. Rxf1 Re2 39.
Rxf7 Rxa2 40. Rbb7 Rg8 41. Rxa7 Re2 42. Kh2 Re5 43. Kg1 Rg5 44. Kh2 Rd8 45. g4
Rd2+ 46. Kg3 Rd1 47. Ra8+ Kh7 48. Ra6 Rc1 49. Kh4 Rd5 50. Kg3 Rd3+ 51. Kf4 0-1

[Event "DEM U8 2023"]
[Site "Willingen GER"]
[Date "2023.06.03"]
[Round "7"]
[White "Liu, Jonas"]
[Black "Nguyen-Trung, Atticus"]
[Result "0-1"]
[Termination "normal"]
[Board "9"]
[WhiteElo "1039"]
[BlackElo "920"]
[PlyCount "94"]
[WhiteFideId "34660941"]
[BlackFideId "34670041"]
[EventCountry "GER"]
[EventRounds "7"]
[EventType "swiss"]
[EventDate "2023.05.30"]

1. e4 e5 2. Nc3 Nf6 3. f4 Nc6 4. fxe5 Nxe5 5. d4 Ng6 6. Bg5 h6 7. Be3 d5 8.
exd5 Nxd5 9. Nxd5 Qxd5 10. Nf3 Bd6 11. c4 Qe6 12. Be2 Qxe3 13. c5 Be7 14. g3
Bd7 15. h4 O-O-O 16. Kf1 Rhe8 17. b4 Bf6 18. a4 a6 19. a5 Bf5 20. b5 axb5 21.
Bxb5 c6 22. Be2 Bg4 23. Rh2 Bxf3 24. Bxf3 Rxd4 25. Bg4+ Kc7 26. Qf3 Qxf3+ 27.
Bxf3 Re3 28. Be2 Rxg3 29. h5 Rf4+ 30. Rf2 Rxf2+ 31. Kxf2 Bxa1 32. Kxg3 Bd4 33.
hxg6 fxg6 34. a6 bxa6 35. Bxa6 Bxc5 36. Bd3 Bd6+ 37. Kg4 Kb6 38. Bxg6 c5 39.
Kf5 Kb5 40. Be8+ Kb4 41. Kg6 c4 42. Kxg7 c3 43. Bg6 h5 44. Bxh5 c2 45. Bg6 c1=Q
46. Kh8 Qh6+ 47. Bh7 Be5+ 0-1

[Event "DEM U8 2023"]
[Site "Willingen GER"]
[Date "2023.06.03"]
[Round "7"]
[White "Schmidt, Jan"]
[Black "Schimming, Wilhelm"]
[Result "1-0"]
[Termination "normal"]
[Board "10"]
[WhiteElo "1291"]
[BlackElo "983"]
[PlyCount "119"]
[WhiteFideId "34625682"]
[BlackFideId "34662030"]
[EventCountry "GER"]
[EventRounds "7"]
[EventType "swiss"]
[EventDate "2023.05.30"]

1. e4 c5 2. Nc3 d6 3. f4 Bd7 4. Nf3 a6 5. g3 Nc6 6. Bg2 g6 7. O-O Bg7 8. Kh1 e6
9. d3 Nge7 10. Bd2 O-O 11. Qe2 Nd4 12. Nxd4 cxd4 13. Nd1 Qb6 14. c3 Rac8 15.
Qf2 Bb5 16. c4 Bd7 17. b3 Rfd8 18. Nb2 a5 19. Rab1 Rc5 20. Na4 Bxa4 21. bxa4
Qc7 22. e5 d5 23. cxd5 exd5 24. Qxd4 Rc2 25. Rfc1 Rxc1+ 26. Rxc1 Qd7 27. Bxa5
Nc6 28. Qc3 Nxa5 29. Qxa5 Rc8 30. Rxc8+ Qxc8 31. Qd2 d4 32. h3 Qc3 33. Qd1 b6
34. Qb3 Qxb3 35. axb3 Kf8 36. Kg1 Ke7 37. Kf2 Kd7 38. Ke2 Bf8 39. Bd5 Ke7 40.
Kf3 Ke8 41. Ke4 Bc5 42. f5 Kf8 43. f6 h6 44. Bc6 Kg8 45. h4 Kf8 46. g4 Kg8 47.
g5 h5 48. Kd5 Kf8 49. Kc4 Kg8 50. b4 Bf8 51. a5 bxa5 52. bxa5 Bc5 53. Kxc5 Kh7
54. Be8 Kg8 55. Bxf7+ Kxf7 56. a6 Kg8 57. e6 Kh8 58. f7 Kg7 59. a7 Kh7 60. a8=Q
1-0

[Event "DEM U8 2023"]
[Site "Willingen GER"]
[Date "2023.06.03"]
[Round "7"]
[White "Rössling, Johannes"]
[Black "Chupikov, Mark"]
[Result "1-0"]
[Termination "normal"]
[Board "11"]
[WhiteElo "1328"]
[BlackElo "958"]
[PlyCount "67"]
[WhiteFideId "34642773"]
[BlackFideId "34680721"]
[EventCountry "GER"]
[EventRounds "7"]
[EventType "swiss"]
[EventDate "2023.05.30"]

1. e4 e5 2. Nf3 Nc6 3. d4 exd4 4. Nxd4 Bc5 5. Be3 Qf6 6. c3 Qe7 7. Bc4 Qxe4 8.
O-O Nf6 9. Bg5 O-O 10. Nxc6 Qxc6 11. Bxf6 Qxf6 12. Bd3 Qh6 13. Nd2 b6 14. Qc2
Bd6 15. Nf3 Bb7 16. Be4 Bxe4 17. Qxe4 Rfe8 18. Qg4 Re6 19. Rfe1 Rxe1+ 20. Rxe1
Rd8 21. Qa4 a5 22. Qd1 g5 23. g3 Bf8 24. Re3 Bc5 25. Re5 f6 26. Rf5 Qg6 27. Rd5
d6 28. Qb3 Kg7 29. c4 Qb1+ 30. Rd1 Qe4 31. Re1 Qa8 32. Re7+ Kg6 33. Qd3+ Kh6
34. Qxh7# 1-0

[Event "DEM U8 2023"]
[Site "Willingen GER"]
[Date "2023.06.03"]
[Round "7"]
[White "Golnik, Rasmus"]
[Black "Simon, Benjamin"]
[Result "0-1"]
[Termination "normal"]
[Board "12"]
[WhiteElo "1052"]
[BlackElo "1105"]
[PlyCount "54"]
[BlackFideId "34652329"]
[EventCountry "GER"]
[EventRounds "7"]
[EventType "swiss"]
[EventDate "2023.05.30"]

1. e4 e5 2. Nf3 Nf6 3. Nxe5 d6 4. Nf3 Nxe4 5. d4 d5 6. Bd3 Nc6 7. O-O Be7 8.
Re1 Bg4 9. Bxe4 dxe4 10. Rxe4 Bxf3 11. Qxf3 Nxd4 12. Qd3 Ne6 13. Qxd8+ Rxd8 14.
Nc3 O-O 15. Be3 a6 16. f4 Rfe8 17. Rc4 c5 18. f5 b5 19. Re4 Ng5 20. h4 Nxe4 21.
Nxe4 Bxh4 22. g3 Rxe4 23. gxh4 Rxe3 24. Kf2 Re5 25. Kg3 Rd2 26. Kf4 Ree2 27. h5
Rxc2 0-1

[Event "DEM U8 2023"]
[Site "Willingen GER"]
[Date "2023.06.03"]
[Round "7"]
[White "Chaganti, Prahasith Reddy"]
[Black "Merle, Atreyu Lukas"]
[Result "0-1"]
[Termination "normal"]
[Board "13"]
[WhiteElo "836"]
[BlackElo "1081"]
[PlyCount "62"]
[BlackFideId "34670033"]
[EventCountry "GER"]
[EventRounds "7"]
[EventType "swiss"]
[EventDate "2023.05.30"]

1. e4 e5 2. Nf3 Nc6 3. Bc4 Bc5 4. c3 Nf6 5. d4 exd4 6. cxd4 Bb4+ 7. Bd2 Nxe4 8.
Qe2 d5 9. Bxb4 Nxb4 10. a3 Nc6 11. Bd3 Bg4 12. Bxe4 Nxd4 13. Qd3 Nxf3+ 14. Bxf3
Be6 15. O-O O-O 16. Nc3 c6 17. Bd1 c5 18. Bc2 g6 19. Qb5 b6 20. b4 Rc8 21. Rad1
d4 22. bxc5 Rxc5 23. Qb4 Rxc3 24. Rxd4 Qc7 25. Be4 Rc1 26. Rfd1 Bg4 27. f3 Be6
28. Qb2 Rxd1+ 29. Rxd1 Qc5+ 30. Rd4 Rd8 31. Kf1 Qxd4 0-1

[Event "DEM U8 2023"]
[Site "Willingen GER"]
[Date "2023.06.03"]
[Round "7"]
[White "Graf, Tom"]
[Black "Sander, Tino"]
[Result "1-0"]
[Termination "normal"]
[Board "15"]
[WhiteElo "1095"]
[BlackElo "923"]
[PlyCount "111"]
[WhiteFideId "34622420"]
[BlackFideId "34636110"]
[EventCountry "GER"]
[EventRounds "7"]
[EventType "swiss"]
[EventDate "2023.05.30"]

1. e4 e5 2. Nf3 Nc6 3. Bc4 Bc5 4. Nc3 Nf6 5. d3 d6 6. Bg5 Na5 7. Bb3 Nxb3 8.
cxb3 c6 9. O-O Bg4 10. Rc1 h6 11. Bh4 O-O 12. h3 Bh5 13. Re1 Re8 14. Qe2 Re6
15. Na4 Bb4 16. Nc3 a5 17. Qd1 Bc5 18. a3 Ba7 19. b4 axb4 20. axb4 Bd4 21. g4
Bg6 22. Nxd4 exd4 23. Ne2 Qb6 24. Qb3 c5 25. Nf4 Re5 26. Nxg6 Qxb4 27. Qxb4
cxb4 28. Nxe5 dxe5 29. Bxf6 gxf6 30. Rc4 b3 31. Rb4 Kf8 32. Rxb7 Rc8 33. Rxb3
Rc2 34. h4 Kg7 35. h5 Rd2 36. Rf1 Kh7 37. f4 exf4 38. Rxf4 Kg7 39. Rb4 Rxd3 40.
Kf2 Rd2+ 41. Ke1 Rg2 42. Rxd4 Rxb2 43. Rd6 Rb1+ 44. Kd2 Rb2+ 45. Kc3 Rb8 46.
Rfxf6 Rc8+ 47. Rc6 Re8 48. Rc7 Rf8 49. e5 Kg8 50. Rxh6 Kg7 51. g5 Kg8 52. Rf6
Kg7 53. h6+ Kg8 54. g6 fxg6 55. h7+ Kh8 56. Rxf8# 1-0

[Event "DEM U8 2023"]
[Site "Willingen GER"]
[Date "2023.06.03"]
[Round "7"]
[White "Estrin, Boris"]
[Black "Mukazhanov, Arslan"]
[Result "1-0"]
[Termination "normal"]
[Board "16"]
[WhiteElo "1205"]
[BlackElo "779"]
[PlyCount "47"]
[WhiteFideId "34649859"]
[BlackFideId "34647686"]
[EventCountry "GER"]
[EventRounds "7"]
[EventType "swiss"]
[EventDate "2023.05.30"]

1. e4 e5 2. Nf3 Nc6 3. Bb5 a6 4. Ba4 b5 5. Bb3 Bc5 6. O-O Nf6 7. Nxe5 Bxf2+ 8.
Rxf2 Nxe5 9. d4 Nc6 10. e5 Ng8 11. Bxf7+ Kf8 12. Bh5+ Nf6 13. exf6 gxf6 14.
Bh6+ Ke7 15. Bg7 Kd6 16. Bxh8 Qxh8 17. Nc3 Nb4 18. Qf3 Ra7 19. Ne4+ Ke6 20.
Qf5+ Ke7 21. Re1 Kf8 22. Nd6 Kg7 23. Qxf6+ Kg8 24. Re8# 1-0

[Event "DEM U8 2023"]
[Site "Willingen GER"]
[Date "2023.06.03"]
[Round "7"]
[White "Wang, Kaichen"]
[Black "Filis, Leon"]
[Result "1-0"]
[Termination "normal"]
[Board "17"]
[WhiteElo "1101"]
[BlackElo "1046"]
[PlyCount "97"]
[WhiteFideId "34626891"]
[BlackFideId "34611436"]
[EventCountry "GER"]
[EventRounds "7"]
[EventType "swiss"]
[EventDate "2023.05.30"]

1. c4 e5 2. g3 c6 3. Bg2 d5 4. cxd5 cxd5 5. d4 e4 6. Nc3 Nf6 7. Nh3 Be6 8. O-O
Bd6 9. Nf4 Qe7 10. f3 Bf5 11. Ncxd5 Nxd5 12. Nxd5 Qe6 13. Nf4 Bxf4 14. Bxf4 O-O
15. e3 Bh3 16. Qe2 Nc6 17. a3 exf3 18. Qxf3 Rae8 19. d5 Qg4 20. Qxg4 Bxg4 21.
dxc6 bxc6 22. Bd6 Rxe3 23. Bxf8 Kxf8 24. Bxc6 Re2 25. Rf2 Rxf2 26. Kxf2 Ke7 27.
Re1+ Be6 28. Bd5 g6 29. Bxe6 fxe6 30. b4 a6 31. a4 Kd6 32. Rc1 h5 33. b5 axb5
34. axb5 Kd5 35. b6 Kd6 36. b7 Kd7 37. b8=R Kd6 38. Rd8+ Ke7 39. Rd4 Kf6 40.
Rc7 Ke5 41. Ke3 Kf5 42. Rc5+ Kf6 43. Rd6 Kf7 44. Rcc6 Kg7 45. Rxe6 Kh7 46. Rxg6
h4 47. Rgd6 hxg3 48. Rd7+ Kg8 49. Rc8# 1-0

[Event "DEM U8 2023"]
[Site "Willingen GER"]
[Date "2023.06.03"]
[Round "7"]
[White "Frerich, Theo"]
[Black "Saeidi, Fardin Jahan"]
[Result "0-1"]
[Termination "normal"]
[Board "18"]
[WhiteElo "1073"]
[BlackElo "1037"]
[PlyCount "110"]
[BlackFideId "34658360"]
[EventCountry "GER"]
[EventRounds "7"]
[EventType "swiss"]
[EventDate "2023.05.30"]

1. e4 c5 2. Nf3 Nc6 3. Nc3 Nf6 4. Bb5 e6 5. O-O Be7 6. Re1 O-O 7. d3 Qc7 8. Bg5
h6 9. Bxc6 Qxc6 10. Bxf6 Bxf6 11. e5 Be7 12. d4 b6 13. d5 exd5 14. Qxd5 Bb7 15.
Rad1 Rad8 16. Qxc6 Bxc6 17. Nd5 Rfe8 18. Nxe7+ Rxe7 19. Rd6 Bxf3 20. gxf3 Re6
21. Rxe6 dxe6 22. Re2 Rd1+ 23. Kg2 Ra1 24. a3 Ra2 25. c3 b5 26. Rd2 a5 27. Rd8+
Kh7 28. Rd7 Kg6 29. Ra7 a4 30. Rc7 c4 31. Rb7 Rxb2 32. Rc7 Rb3 33. Rb7 Rxc3 34.
Rxb5 Rxa3 35. Rb4 c3 36. Rc4 Rb3 37. Rxa4 Rb1 38. Rc4 Rc1 39. Rg4+ Kf5 40. Rxg7
c2 41. Rxf7+ Kxe5 42. Rc7 Kd4 43. Rd7+ Kc3 44. Rc7+ Kd2 45. Rd7+ Ke1 46. Rd6 e5
47. Re6 Rd1 48. Rxe5+ Kd2 49. Rd5+ Kc1 50. Rc5 Rd2 51. f4 Kd1 52. Rxc2 Rxc2 53.
Kg3 Rc3+ 54. f3 Ke2 55. Kg4 Rxf3 0-1

[Event "DEM U8 2023"]
[Site "Willingen GER"]
[Date "2023.06.03"]
[Round "7"]
[White "Mudriievskyi, Jan"]
[Black "Trunz, Daniel"]
[Result "1-0"]
[Termination "normal"]
[Board "19"]
[WhiteElo "1062"]
[BlackElo "1086"]
[PlyCount "69"]
[WhiteFideId "34676473"]
[BlackFideId "34640797"]
[EventCountry "GER"]
[EventRounds "7"]
[EventType "swiss"]
[EventDate "2023.05.30"]

1. e4 e5 2. Bc4 Nf6 3. d3 Bc5 4. Nf3 d5 5. exd5 Nxd5 6. O-O Bg4 7. h3 Bh5 8.
Nc3 Nb6 9. Be3 Bd4 10. Bxd4 exd4 11. Re1+ Kf8 12. Nb1 g6 13. g4 Bxg4 14. hxg4
Kg7 15. Kf1 Re8 16. Rxe8 Qxe8 17. Nxd4 Nc6 18. Nxc6 Qxc6 19. Na3 Re8 20. Kg1
Re5 21. f4 Na4 22. fxe5 Nxb2 23. Qf1 Nxc4 24. Nxc4 b5 25. Nd2 Qxc2 26. Qe2 Qc5+
27. Kf1 Qc6 28. Qf3 Qc2 29. Ne4 Qb2 30. Qf6+ Kf8 31. Re1 Qh2 32. Nf2 Qh6 33. e6
Kg8 34. exf7+ Kf8 35. Re8# 1-0